1365 1743 1216 1228 1855 1778 1524 1842 1147 1615 1028 1195 1560 1582 1584 1809 1168 1218 1888 1572 1021 1914 1419 1742 1264 1581 1644 1666 1974 1708 1130 1508 1068 1684 1173 1698 1604 1740 1367 1591 1838 1925 1948 1686 1838 1480 1910 1267 1715 1934 1207 1082 1243 1835 1303 1242 1598 1623 1757 1467 1703 1564 1935 1591 1783 1537 1156 1802 1441 1010 1062 1886 1419 1205 1819 1771 1619 1134 1165 1203 1250 1939 1360 1807 1376 1546 1068 1097 1941 1664 1975 1280 1770 1147 1140 1885 1091 1798 1563 BCNSPRNW ULIB Ver.6.0+V

เปลี่ยนเป็นภาษาไทย

Change to English
 แสดงรายละเอียดบรรณานุกรม
  กลับหน้าหลัก

Brief Record : Get Marc (ISO 2709) : E-mail record : QR code < ปิดหน้าต่าง
LEADER : 00000nam 2200000uu 4500
001    13399111437
003     ULIB
008    110627s||||||||th 000 0 tha d
020    9789746422888
050  4 รส^bส831ด 2552
100 0  อาจอง ชุมสาย ณ อยุธยา
245 10 ด้วยรักบันดาล...นิทานสีขาว รวมนิทานคัดสรร/^cเล่าเรื่องโดย อาจอง ชุมสาย ณ อยุธยา ;สุพัตรา แซ่ลิ่ม เรียบเรียง ;[บรรณาธิการ อิศวเรศ ตโมนุท]
250    พิมพ์ครั้งที่ 1
260    กรุงเทพฯ :^bฟรีมายด์,^c2552
300    170 หน้า :^bภาพประกอบ
650  4 นิทานสอนใจ
650  4 การดำเนินชีวิต
650  4 ความสำเร็จ
650  4 นิทานคติธรรม
700 0  สุพัตรา แซ่ลิ่ม
700 0  อิศวเรศ ตโมนุท,^eบรรณาธิการ
945    ^p165^l0^i17692
995    กัณชพร
999    ^aใช้งานได้ทุกระบบ
รายการนี้ยังไม่มีแท็ก
คุณยังไม่ได้ล็อกอิน คุณสามารถมีกิจกรรมร่วมกับเว็บไซต์ได้ แต่ต้องล็อกอินก่อน ::
  ล็อกอิน

รายการสื่อสารสนเทศ

ลำดับที่ ประเภท เลขเรียก/บาร์โค้ด สถานที่ สถานะ
- ไม่พบข้อมูล -

รายการใกล้เคียง
    ผู้แต่ง [อาจอง ชุมสาย ณ อยุธยา]

    หัวเรื่อง [นิทานสอนใจ]
    หัวเรื่อง [การดำเนินชีวิต]
    หัวเรื่อง [ความสำเร็จ]
    หัวเรื่อง [นิทานคติธรรม]

BibComment


ยังไม่เคยถูกคอมเมนท์

คอมเมนท์ทรัพยากรรายการนี้
  คอมเมนท์: ด้วยรักบันดาลนิทา..


 Copyright 2026. Bcnsprnw @Library